El fantasma del Titanic / (Registro nro. 3787)

Detalles MARC
000 -LEADER
fixed length control field 00999nam a2200277Ia 4500
003 - CONTROL NUMBER IDENTIFIER
control field OSt
005 - DATE AND TIME OF LATEST TRANSACTION
control field 20250411105838.0
008 - FIXED-LENGTH DATA ELEMENTS--GENERAL INFORMATION
fixed length control field 191128s2012 ck er 000 f spa d
020 ## - INTERNATIONAL STANDARD BOOK NUMBER
International Standard Book Number 9788498890693
040 ## - CATALOGING SOURCE
Original cataloging agency CO-JMCR
Transcribing agency CO-JMCR
041 ## - LANGUAGE CODE
Language code of text/sound track or separate title spa
082 ## - DEWEY DECIMAL CLASSIFICATION NUMBER
Classification number A-N
Item number CLAf
100 1# - MAIN ENTRY--PERSONAL NAME
Personal name Clarke, Arthur C.
Relator term autor
9 (RLIN) 6580
245 13 - TITLE STATEMENT
Title El fantasma del Titanic /
Statement of responsibility, etc. Arthur C. Clarke ; traducción de Carlos Gardini
250 ## - EDITION STATEMENT
Edition statement Primera edición
260 ## - PUBLICATION, DISTRIBUTION, ETC.
Place of publication, distribution, etc. Madrid :
Name of publisher, distributor, etc. Alamut
Date of publication, distribution, etc. ©2012
300 ## - PHYSICAL DESCRIPTION
Extent 243 páginas ;
Dimensions 23 cm.
490 ## - SERIES STATEMENT
Series statement Serie fantástica
500 ## - GENERAL NOTE
General note Incluye datos biográficos del autor en la solapa
520 ## - SUMMARY, ETC.
Summary, etc. Al acercarse el centenario del hundimiento del Titanic, varios planes se ponen en marcha para reflotar el pecio y obtener grandes beneficios del colosal espectáculo.
534 ## - ORIGINAL VERSION NOTE
Introductory phrase The ghost from the grand banks
546 ## - LANGUAGE NOTE
Language note Traducido del inglés
650 14 - SUBJECT ADDED ENTRY--TOPICAL TERM
Topical term or geographic name entry element Novela de ficción
9 (RLIN) 6581
700 ## - ADDED ENTRY--PERSONAL NAME
Personal name Gardini, Carlos,
Relator term traductor
9 (RLIN) 6582
942 ## - ADDED ENTRY ELEMENTS (KOHA)
Source of classification or shelving scheme Dewey Decimal Classification
Koha item type Books
Existencias
Withdrawn status Lost status Source of classification or shelving scheme Damaged status Not for loan Collection code Home library Current library Date acquired Total Checkouts Full call number Barcode Date last seen Date last checked out Copy number Koha item type
    Dewey Decimal Classification     Fiction Biblioteca Pública José María del Castillo y Rada Biblioteca Pública José María del Castillo y Rada 11/28/2019 2 A-N CLAf 201808232 11/12/2024 11/08/2024 Ej.1 Books